都市別在留邦人数推計上位50位 - Statistics

General Stats
  • This quiz has been taken 91 times
  • The average score is 31 of 50
Answer Stats
Hint Answer % Correct
1 アメリカ・カリフォルニア州 ロサンゼルス
100%
5 イギリス ロンドン
99%
7 オーストラリア シドニー
99%
2 タイ バンコク
97%
3 アメリカ・ニューヨーク州 ニューヨーク
97%
4 中国 上海
97%
6 シンガポール シンガポール
97%
8 カナダ バンクーバー
89%
9 アメリカ・ハワイ州 ホノルル
89%
12 オーストラリア メルボルン
85%
11 アメリカ・カリフォルニア州 サンフランシスコ
84%
13 カナダ トロント
84%
15 韓国 ソウル
84%
10 中国 香港
79%
25 台湾 台北
78%
21 フランス パリ
77%
24 マレーシア クアラルンプール
77%
18 ブラジル サンパウロ
75%
30 フィリピン マニラ
74%
23 ベトナム ホーチミン
71%
35 インドネシア 南ジャカルタ
71%
29 ベトナム ハノイ
70%
41 アルゼンチン ブエノスアイレス
67%
17 アメリカ・イリノイ州 シカゴ
64%
42 ドイツ ベルリン
64%
16 アメリカ・ワシントン州 シアトル
62%
22 ニュージーランド オークランド
62%
33 中国 北京
56%
39 アメリカ・テキサス州 ヒューストン
55%
27 オーストラリア パース
53%
36 中国 広州
52%
38 ドイツ ミュンヘン
52%
40 アメリカ・テキサス州 ダラス
51%
14 アメリカ・カリフォルニア州 サンノゼ
47%
20 オーストラリア ブリスベン
47%
49 ドイツ フランクフルト
47%
28 ドイツ デュッセルドルフ
45%
47 アメリカ・ネバダ州 ラスベガス
44%
19 オーストラリア ゴールドコースト
42%
34 アメリカ・ジョージア州 アトランタ
42%
26 アメリカ・カリフォルニア州 サンディエゴ
36%
31 アメリカ・オレゴン州 ポートランド
36%
48 台湾 新北
36%
44 カナダ カルガリー
34%
46 オーストラリア ケアンズ
32%
45 中国 深圳
29%
50 中国 大連
25%
37 中国 蘇州
18%
32 タイ シーラーチャー
4%
43 アメリカ・ミシガン州 ノバイ
3%
No matching quizzes found
Score Distribution
Percent of People with Each Score
Percentile by Number Answered
Your Score History
You have not taken this quiz